000 00398 a2200145 4500
999 _c8850
_d8850
020 _a1779010788
050 _aGE105 MBA 1998
100 _aMbava, C.
245 _aEnvironmental Science in Action:
_bPupils' book 4/
_cC. Mbava
264 _aHarare:
_bZimbabwe Publishing House,
_c1998.
300 _a92p.,
_bill.:
500 _atext
650 _aEnvironmental Science
942 _2lcc
_cBK
_h105
_iMBA
_kGE